Mimesis: the analytic anthropology of literature (Record no. 1228651)
[ view plain ]
| 000 -LEADER | |
|---|---|
| fixed length control field | 00725nam a2200229Ia 4500 |
| 005 - DATE AND TIME OF LATEST TRANSACTION | |
| control field | 20241129111034.0 |
| 008 - FIXED-LENGTH DATA ELEMENTS--GENERAL INFORMATION | |
| fixed length control field | 241129s9999||||xx |||||||||||||| ||und|| |
| 020 ## - INTERNATIONAL STANDARD BOOK NUMBER | |
| International Standard Book Number | 978-0-367-82004-6 |
| 037 ## - SOURCE OF ACQUISITION | |
| Stock number | TB |
| 040 ## - CATALOGING SOURCE | |
| Original cataloging agency | CRL |
| Language of cataloging | eng |
| Transcribing agency | CRL |
| 041 ## - LANGUAGE CODE | |
| Language code of text/sound track or separate title | eng |
| Source of code | eng |
| 084 ## - COLON CLASSIFICATION NUMBER | |
| Classification number | O142,3M09:g 111R2 |
| Assigning agency | CRL |
| 100 ## - MAIN ENTRY--PERSONAL NAME | |
| Personal name | Podoroga Valery Au.; Pavlov Evgeni V. Tr. |
| 9 (RLIN) | 723233 |
| 245 #0 - TITLE STATEMENT | |
| Title | Mimesis: the analytic anthropology of literature |
| Statement of responsibility, etc. | Podoroga Valery Au.; Pavlov Evgeni V. Tr. |
| 260 ## - PUBLICATION, DISTRIBUTION, ETC. | |
| Place of publication, distribution, etc. | London, UK |
| Name of publisher, distributor, etc. | Verso |
| Date of publication, distribution, etc. | 2022 |
| 300 ## - PHYSICAL DESCRIPTION | |
| Extent | xiv,305p. |
| 365 ## - TRADE PRICE | |
| Price type code | UKP |
| Price amount | 25 |
| 546 ## - LANGUAGE NOTE | |
| Language note | Translated from Russian to English |
| 650 ## - SUBJECT ADDED ENTRY--TOPICAL TERM | |
| Topical term or geographic name entry element | Russian Literature |
| 942 ## - ADDED ENTRY ELEMENTS (KOHA) | |
| Koha item type | Textbook |
| Classification part | O142,3M09:g 111R2 |
| Withdrawn status | Lost status | Damaged status | Not for loan | Home library | Current library | Date acquired | Source of acquisition | Cost, normal purchase price | Inventory number | Total Checkouts | Full call number | Barcode | Date last seen | Price effective from | Koha item type |
|---|---|---|---|---|---|---|---|---|---|---|---|---|---|---|---|
| Central Library | Central Library | 2024-11-29 | Classic Book Service | 25.00 | 222 & 17/02/2023 | O142,3M09:g 111R2 | CL1679450 | 2024-11-29 | 2024-11-29 | Textbook |
